| 000 | 00988 a2200253 4500 | ||
|---|---|---|---|
| 001 | 216222526 | ||
| 003 | UA-OsUOA | ||
| 005 | 20220627094632.0 | ||
| 008 | 220627b un ||||| |||| 00| 0 ukr d | ||
| 020 | _a9789941010316 | ||
| 040 |
_aUA-OsUOA _bukr _cUA-OsUOA _dUA-OsUOA |
||
| 041 | _aukr | ||
| 080 | _a82-1 | ||
| 090 |
_a82-1 _bМ25 |
||
| 100 | _aМарджанішвілі В. | ||
| 245 |
_aОбірвана струна _cВалентина Марджанішвілі _bШтрихи до портрета Пантелеймона Петренка у віршах, перекладах, малюнках, публікаціях, спогадах. |
||
| 260 |
_c2008 _aТбілісі |
||
| 300 | _a56 с. | ||
| 591 | _bШкольна Олена | ||
| 650 |
_2UDC _a82-1 Художня література |
||
| 942 |
_cBK _2udc |
||
| 955 | _a3 | ||
| 999 |
_c572667 _d572667 |
||